000 00251nam a2200097Ia 4500
008 190216s9999||||xx |||||||||||||| ||und||
100 _aPoshak
245 0 _aBhargavas Standard Illustreted Dictionary Of The Hindi Language
260 _bNull
942 _cBK
999 _c15224
_d15224